Statistics for Harry Potter Book Subtle Details Quiz - NEW !

Click here to take the quiz!

General Stats

  • This quiz has been taken 59 times
  • The average score is 15 of 21

Answer Stats

Hint Answer % Correct
Dumbledore give Bertie Botts every flavor beans a second chance and, alas, chooses what flavor?ear wax
95%
This character had Madam Pomfrey make his/her teeth smaller:Hermione
89%
If you were walking along Grimmauld Place looking at the houses, this number would be missing:12
86%
Dumbledore had a bad experience in his youth when he encountered this flavor of Bertie Botts bean:vomit
84%
Umbridge's middle name:Jane
81%
Ginny Weasley got this type of purple pet at her brother's store: (2 words)Pygmy Puff
81%
Bellatrix Lestrange's nickname:Bella
81%
Narcissa Malfoy's nickname:Cissy
79%
Referring to his children, Aragog tells Harry and Ron "I cannot deny them ________ ________, when it wanders so willingly into our midst." (2 words)fresh meat
77%
Dumbledore is famous for discovering how many uses for dragon's blood?12
77%
Name one of the spells written by the Half-blood Prince in the margins of Harry's old potions text:Sectumsempra, Levicorpus, Langlock or Muffliato
74%
This potion can cause giddiness, recklessness, and dangerous overconfidence if taken in excess:Felix Felicis
72%
Harry is supposed to tell Aunt Marge that he attends St. __________ Secure Center for Incurably Criminal Boys.Brutus's
72%
Padfoot finds an unexpected ally in this fellow animal:Crookshanks
72%
Saying the words "Pine Fresh" will give you access to what?the prefect's bathroom
70%
This is where Harry met his future wife:Platform 9 3/4
63%
This is the final ingredient in a polyjuice potion:hair
61%
This person met Katie Bell in the bathroom and gave her a mysterious package:Madame Rosmerta
60%
This former Hogwart's headmaster may or may not appear when summoned, depending on his mood:Phineas Nigellus
56%
In Chamber of Secrets, Vernon Dursley yells at Harry when the commotion from his room interrupts his __________ _________ joke. (2 words)japanese golfer
46%
The color of Hermione's dress at the weddingLilac
25%

Score Distribution

Percentile by Number Answered

Percent of People with Each Score

Your Score History

You have not taken this quiz